Statistiken für Torschützenkönige 2.Bundesliga seit 1999/2000

Klicken Sie hier um das Quiz zu spielen!

Allgemein

  • Dieses Quiz wurde 93 mal gespielt
  • Das Durchschnittsergebnis liegt bei 9 aus 22

Antwortstatistiken

SaisonVereinToreAntwort% Korrekt
2018/20191.FC Köln29Simon Terodde
94%
2016/2017VfB Stuttgart25Simon Terodde
94%
2015/2016VfL Bochum25Simon Terodde
94%
2019/2020Arminia Bielefeld21Fabian Klos
85%
2004/20051.FC Köln24Lukas Podolski
71%
2012/2013Eintracht Brauenschweig19Domi Kumbela
60%
2009/2010FC Augsburg23Michael Thurk
48%
2007/20081.FC Köln20Milivoje Novakovic
44%
2010/2011Energie Cottbus25Nils Petersen
44%
2008/2009Alemannia Aachen16Benjamin Auer
39%
2001/2002Arminia Bielefeld20Artur Wichniarek
30%
2014/2015Karlsruher SC17Rouwen Hennings
30%
2017/2018Holstein Kiel18Marvin Ducksch
29%
2006/2007Karlsruher SC19Giovanni Federico
26%
1999/2000Borussia Mönchengladbach19Arie van Lent
24%
2011/2012SpVgg Greuther Fürth17Olivier Occéan
21%
2003/2004SpVgg Unterhaching18Francisco Copado
19%
2000/2001SSV Reutlingen18Olivier Djappa
15%
2005/2006SpVgg Greuther Fürth18Christian Eigler
13%
2008/2009MSV Duisburg16Cédric Makiadi
10%
2013/2014Erzgebirge Aue19Jakub Sylvestr
8%
2002/2003FSV Mainz 0520Andriy Voronin
5%

Verteilung der Resultate

Perzentil nach korrekt beantworteten Fragen

Anzahl Personen mit jedem Resultat

Ihre Resultats-Entwicklung

Sie haben dieses Quiz noch nicht gespielt